Most Common Sporcle Countries Quiz Stats

 Plays Quiz Updated Jun 8, 2018

Score 0/28 Timer 05:00
0 Plays Today
Country % Correct
United States
99.3%
China
96.4%
Canada
94.2%
France
94.1%
Russia
92.8%
Mexico
92.2%
Germany
92.1%
United Kingdom
90.7%
Japan
90.5%
Brazil
89.4%
Spain
87.8%
Italy
86.6%
Australia
85.7%
India
82.4%
Country % Correct
South Africa
77.2%
Argentina
76.7%
Iran
70.3%
Chile
65.5%
Greece
62.3%
New Zealand
62.2%
Poland
61.1%
Norway
60.1%
Turkey
57.8%
South Korea
57%
Saudi Arabia
48.2%
Indonesia
47.6%
Vietnam
46.3%
Netherlands
45.5%

You're not logged in!

Compare scores with friends on all Sporcle quizzes.
OR
Log In

Sporcle TV

Today on Sporcle TV


Watch our educational content, quiz creation guides, and fun videos on Sporcle TV.

Show Comments

Extras

Top Quizzes Today


Score Distribution

Your Account Isn't Verified!

In order to create a playlist on Sporcle, you need to verify the email address you used during registration. Go to your Sporcle Settings to finish the process.

Report this User

Report this user for behavior that violates our Community Guidelines.

Details: